Tributación en los concursos /
Guardado en:
| Autor Principal: | |
|---|---|
| Formato: | Libro |
| Idioma: | Spanish |
| Publicado: |
Buenos Aires :
La Ley,
c2011.
|
| Edición: | 1a. ed. |
| Materias: | |
| Etiquetas: |
Agregar Etiqueta
Sin Etiquetas, Sea el primero en etiquetar este registro!
|
| LEADER | 00596nam a22001815a 4500 | ||
|---|---|---|---|
| 001 | EAD.ead002986 | ||
| 008 | 111020s2011####ag#######b####000#0#spa#d | ||
| 005 | 20111020104456.0 | ||
| 245 | 1 | 0 | |a Tributación en los concursos / |c Fernando Carlos Kalemkerian. |
| 250 | |a 1a. ed. | ||
| 260 | |a Buenos Aires : |b La Ley, |c c2011. | ||
| 300 | |a x, 207 p. ; |c 24 cm. | ||
| 504 | |a Incluye referencias bibliográficas (p. : [199]-207). | ||
| 100 | 1 | |a Kalemkerian, Fernando Carlos. | |
| 082 | 0 | 4 | |a 347.6 |2 21 |
| 650 | 7 | |a Concursos. |2 unbist | |
| 650 | 7 | |2 unbist | |
| 859 | |a AR-BaBDC |b BIB. ADMINISTRACION - Libros |h 347.6 |i K124 |p b06416 | ||
